LIBRARY & INFORMATION CENTRE, KCAET, TAVANUR

ONLINE PUBLIC ACCESS CATALOGUE (OPAC)

Manual of fresh water aqua culture / (Record no. 6959)

MARC details
000 -LEADER
fixed length control field 00445cam a2200169ua 4500
041 ## - LANGUAGE CODE
Language code of text/sound track or separate title eng
082 ## - DEWEY DECIMAL CLASSIFICATION NUMBER
Classification number 028.72639
Item number SAN/MA
100 ## - MAIN ENTRY--AUTHOR NAME
Personal name Santhanam, R .
245 ## - TITLE STATEMENT
Title Manual of fresh water aqua culture /
260 ## - PUBLICATION, DISTRIBUTION, ETC. (IMPRINT)
Place of publication New Delhi :
Name of publisher Oxford & IBH Book Company ,
Year of publication 1990.
300 ## - PHYSICAL DESCRIPTION
Number of Pages 193 ; .
700 1# - ADDED ENTRY--PERSONAL NAME
Personal name Natarajan, P .
700 1# - ADDED ENTRY--PERSONAL NAME
Personal name Sukumaran, N .
942 ## - ADDED ENTRY ELEMENTS (KOHA)
Koha item type Books
Holdings
Withdrawn status Lost status Damaged status Home library Current library Date acquired Full call number Accession Number Koha item type
    Damaged KAUAET KAUAET 07/04/2012 028.72639 18037 Reference
free website counter